000 01475cam a2200277 4500
001 ##L121066
002 ##5997
008 #DATE n2002 000 0 eng u
035 _a(Sirsi) u121066
041 0 _aeng
050 0 4 _a692.8 $2 18
110 2 _aJoint Contracts Tribunal
_93664
240 0 0 _aGN IFC 98/02
245 0 0 _aGuidance note
_bIntermediate Form of Building Contract (IFC 98)
260 _aLondon
_bRIBA Publications
_c2002
300 _a12p.
_c30cm
350 _a9
490 _aJCT Intermediate Form of Building Contract for Works of Simple Content (1998 Edition) Guidance Note
_v(2002 Edition)
505 2 _aThe contract documents -- Information release schedule -- Date of possession -- Extensions of time -- Variations and provisional sums -- Fluctuations -- Testing -- Defects and errors in setting out -- Payment -- Insurance, terrorism cover and joint fire code -- Determination -- Disputes -- Named subcontractors
520 _aSuperseded by "IC/G : Intermediate Building Contract Guide 2005 (L130773)". Replaces JCT practice note IN/1.
650 2 4 _aJCT INTERMEDIATE FORM OF BUILDING CONTRACT FOR WORKS OF SIMPLE CONTENT (1998 EDITION)
650 2 4 _aJCT INTERMEDIATE FORM OF BUILDING CONTRACT FOR WORKS OF SIMPLE CONTENT (1998 EDITION) GUIDANCE NOTE (2002 EDITION)
651 4 _aUNITED KINGSOM
690 _aBUILT ENVIRONMENT-BUILDING CONTRACT FORMS-STANDARD FORMS OF BUILDING CONTRACT-JOINT CONTRACTS TRIBUNAL CONTRACTS
942 _n0
999 _c102622
_d102622